000 00516nam a22001697a 4500
005 20260218143016.0
008 260218b |||||||| |||| 00| 0 eng d
020 _a9789387791534
040 _cVITAP
082 _223rd Ed.
_a428 JAY
100 _aJayaraj, Bindu
_917098
245 _aLanguage Lab
_c/ Bindu Jayaraj
260 _aChennai
_bTHG (The Hindu Group) Publishing Private Limited
_c2024
300 _a105p. : ill. ; 19cm
650 0 _aEnglish language; Grammar; Study and teaching
_917099
942 _2ddc
_cBK
999 _c47280
_d47280